000 00759cam a22002653a 4500
001 25165
003 PGUSA
005 20140828083536.0
008 080425s2008||||xxu|||||s|||||000 1 eng d
040 _aPGUSA
_beng
042 _adc
050 4 _aPZ
100 1 _aAlcott, Louisa May,
_d1832-1888
245 1 4 _aThe Candy Country
_h[electronic resource] /
_cLouisa May Alcott
260 _bProject Gutenberg,
_c2008
505 0 _aThe candy country -- How they ran away.
506 _aPublic domain in the USA.
516 _aElectronic text
653 _aFantasy
653 _aHunting stories
653 _aRunaway children -- Juvenile fiction
830 0 _aProject Gutenberg
_v25165
856 4 0 _uhttp://www.gutenberg.org/ebooks/25165
942 _cEB
999 _c254420
_d254420